Guía sectorial de la formación de profesionales en España (Registro nro. 15172)
[ vista simple ]
| 000 -CABECERA | |
|---|---|
| Longitud fija campo de control | 01416nam a2200373 c 4500 |
| 001 - NÚMERO DE CONTROL | |
| Número de control | 15172 |
| 003 - IDENTIFICADOR DE NÚMERO DE CONTROL | |
| Identificador del número de control | ES-MaCES |
| 005 - FECHA Y HORA DE LA ÚLTIMA TRANSACCIÓN | |
| Fecha y hora de la última transacción | 20141221122343.0 |
| 008 - CAMPO FIJO DE DESCRIPCIÓN FIJA--INFORMACIÓN GENERAL | |
| Códigos de información de longitud fija | 030623s2002 sp t o000 | spa d |
| 017 ## - NÚMERO DE REGISTRO DE DERECHOS DE AUTOR Y DEPÓSITO LEGAL | |
| Número de copyright o de depósito legal | M 16676-2003 |
| Agencia que asigna el número | DL |
| 024 7# - OTROS IDENTIFICADORES | |
| Número normalizado o código | 210-02-037-7 |
| Fuente del número o código | nipo |
| 035 ## - NÚMERO DE CONTROL DEL SISTEMA | |
| Número de control del sistema | CES20030008187m |
| 040 ## - FUENTE DE CATALOGACIÓN | |
| Centro catalogador de origen | ES-MaCES |
| Lengua de catalogación | spa |
| Centro transcriptor | ES-MaCES |
| 245 00 - MENCIÓN DE TÍTULO | |
| Título | Guía sectorial de la formación de profesionales en España |
| Mención de responsabilidad, etc. | [promueve], Instituto Nacional de las Cualificaciones |
| 260 ## - PUBLICACIÓN, DISTRIBUCIÓN, ETC (PIE DE IMPRENTA) | |
| Lugar de publicación, distribución, etc. | Madrid |
| Nombre del editor, distribuidor, etc. | Instituto Nacional de Empleo (INEM) |
| Fecha de publicación, distribución, etc. | 2002 |
| 300 ## - DESCRIPCIÓN FÍSICA | |
| Extensión | 679 p. |
| Dimensiones | 30 cm |
| 490 1# - MENCIÓN DE SERIE | |
| Mención de serie | Colección Informes |
| 500 ## - NOTA GENERAL | |
| Nota general | En la port.: Consejo General de Formación Profesional |
| 541 ## - NOTA DE LA FUENTE INMEDIANTE DE ADQUISICIÓN | |
| Forma de adquisición | Gratuito |
| 650 #4 - ASIENTO SECUNDARIO DE MATERIA--TÉRMINO DE MATERIA | |
| Término de materia o nombre geográfico como elemento inicial | formación profesional |
| 9 (RLIN) | 27394 |
| 650 #4 - ASIENTO SECUNDARIO DE MATERIA--TÉRMINO DE MATERIA | |
| Término de materia o nombre geográfico como elemento inicial | formación profesional permanente |
| 9 (RLIN) | 29931 |
| 650 #4 - ASIENTO SECUNDARIO DE MATERIA--TÉRMINO DE MATERIA | |
| Término de materia o nombre geográfico como elemento inicial | sector económico |
| 9 (RLIN) | 30015 |
| 650 #4 - ASIENTO SECUNDARIO DE MATERIA--TÉRMINO DE MATERIA | |
| Término de materia o nombre geográfico como elemento inicial | España |
| 9 (RLIN) | 26964 |
| 650 #4 - ASIENTO SECUNDARIO DE MATERIA--TÉRMINO DE MATERIA | |
| Término de materia o nombre geográfico como elemento inicial | guía |
| 9 (RLIN) | 29262 |
| 653 10 - TÉRMINO DE INDEXACIÓN--NO CONTROLADO | |
| Término no controlado | Educación |
| 710 2# - ENCABEZAMIENTO SECUNDARIO--NOMBRE CORPORATIVO | |
| Nombre de entidad o nombre de jurisdicción como elemento inicial | Instituto Nacional de Empleo (España) |
| Término indicativo de función | ed. |
| 9 (RLIN) | 4268 |
| 710 2# - ENCABEZAMIENTO SECUNDARIO--NOMBRE CORPORATIVO | |
| Nombre de entidad o nombre de jurisdicción como elemento inicial | Instituto Nacional de las Cualificaciones (España) |
| 9 (RLIN) | 4289 |
| 710 2# - ENCABEZAMIENTO SECUNDARIO--NOMBRE CORPORATIVO | |
| Nombre de entidad o nombre de jurisdicción como elemento inicial | Consejo General de Formación Profesional (España) |
| 9 (RLIN) | 2497 |
| 787 0# - ENTRADA DE OTRAS ESPECIFICACIONES | |
| Título | Guía de la formación de profesionales en España |
| Número de control del registro relacionado | (ES-MaCES)13522 |
| 830 #0 - ENCABEZAMIENTO SECUNDARIO DE COLECCIÓN--TÍTULO UNIFORME | |
| Título uniforme | Colección Informes (Instituto Nacional de las Cualificaciones (España)) |
| 9 (RLIN) | 33596 |
| 902 ## - CES. TIPO DE DOCUMENTO | |
| Tipodoc (006$c Sirtex) | LIB Libro |
| 942 ## - ELEMENTOS KOHA | |
| Fuente de clasificaión o esquema | Clasificación propia del CES |
| Koha [por defecto] tipo de item | Monografías |
| Parte de clasificación | 4.0. |
| Número de registro | Signatura completa | Tipo de item de Koha |
|---|---|---|
| 052587 | DPT-8528 | Monografías |
